Juntos / (Registro nro. 9184)

Detalles MARC
000 -LIDER
fixed length control field 01630nam a22002777a 4500
003 - IDENTIFICACDOR DE NÚMERO DE CONTROL
control field DO-SdBNP
005 - DATE AND TIME OF LATEST TRANSACTION
control field 20160310144351.0
008 - ELEMENTOS DE LONGITUD FIJA
fixed length control field 160310b 1997 xxu ||||| |||| 00| 0 spa d
020 ## - ISBN
International Standard Book Number 9780395786819
040 ## - FUENTE DE CATALOGACIÓN
Agencia que crea de manera original el registro BPMSU
Idioma de catalogación spa
Agencia que realiza la transcripción BPMSU
092 ## - LOCALLY ASSIGNED DEWEY DECIMAL CALL NUMBER
Número de clasificación xxxx
Número de ítem (Cutter) xxxx
245 00 - MENCIÓN DE TITULO
Título Juntos /
Mención de responsabilidad autores principales, David Freeman, Yvonne S. Freeman ; autores, Margarita Calderõn ... [et al.].
260 ## - PUBLICACIÓN, DISTRIBUCIÓN, ETC. (PIE DE IMPRENTA)
Lugar de publicación, distribución, etc Boston :
Nombre del editor, distribuidor, etc. Houghton Mifflin,
Fecha de publicación, distribución, etc 1997
300 ## - DESCRIPCIÓN FÍSICA
Extensión 204 p. :
Otros detalles físicos il. ;
Dimensiones 31 cm.
490 1# - MENCIÓN DE SERIES
Mención de serie Invitaciones.
500 ## - NOTA GENERAL
Nota general Los grados K-6.
505 #0 - NOTA DE CONTENIDO
Texto normalizado de contenido Para empezar: Mis amigos / Taro Gomi -- Temas: Todos juntos -- Insectos y otros amiguitos -- Todos juntos: Antologia: La gallinita roja / Byron Barton -- Quiero, quiero un amiguito / Graciela M. Pena -- Comelones / Lara Rios -- La panaderita -- Comparte cuentos con Len Cabral -- El parque / Alma Flor Ada -- El nabo / Cecilia Beuchat, Mabel Condemarin -- Cultivemos un huerto de la victoria / Marjorie Waters -- Que banda -- Taller de escritores: como hacer un papalote -- Tu puedes hacer la diferencia -- Main aux Fleurs (Mano con flores) / Picasso -- Flores / Juan Bautista Grosso -- Insectos y otros amiguitos: El piojo y la pulga / Jose-Luis Orozco -- ABC de mariposa / Kjell B. Sandved -- Su propio color / Leo Lionni -- Camaleon / Yanitzia Canetti -- Datos divertidos.
700 12 - ASIENTO SECUNDARIO -- NOMBRE PERSONAL
Nombre personal Fincher, David,
Fechas asociadas con el nombre 1962-
700 12 - ASIENTO SECUNDARIO -- NOMBRE PERSONAL
Nombre personal Freeman, Yvonne
700 12 - ASIENTO SECUNDARIO -- NOMBRE PERSONAL
Nombre personal Calderón, Margarita.
700 12 - ASIENTO SECUNDARIO -- NOMBRE PERSONAL
Nombre personal Cooper, J. David
700 12 - ASIENTO SECUNDARIO -- NOMBRE PERSONAL
Nombre personal Cooper, J. David
Fechas asociadas con el nombre Cooper, J. David (James David), 1942-
830 #0 - ASIENTO SECUNDARIO DE SERIE--TÍTULO UNIFORME
Título uniforme Invitaciones.
942 ## - ADDED ENTRY ELEMENTS (KOHA)
Source of classification or shelving scheme Dewey Decimal Classification
Koha item type Libros
956 ## - LOCAL ELECTRONIC LOCATION AND ACCESS (OCLC)
Método de acceso LOPEREZ
Materiales especificados 10
Enlace BPMSU
Existencias
Withdrawn status Lost status Source of classification or shelving scheme Damaged status Not for loan Collection code Home library Current library Date acquired Source of acquisition Total Checkouts Barcode Date last seen Price effective from Koha item type
    Dewey Decimal Classification       Biblioteca Pública Metropolitana Salomé Ureña Biblioteca Pública Metropolitana Salomé Ureña 03/10/2016 Donado por FUNDI   BPMSU16030065 03/10/2016 03/10/2016 Libros